| 000 | 01082nam a2200289 i 4500 | ||
|---|---|---|---|
| 001 | 67133 | ||
| 003 | ES-MaACL | ||
| 005 | 20250806062531.0 | ||
| 007 | t| | ||
| 008 | 900416s1988 sp ||||0| spa d ..| | ||
| 015 | _a1990-MAR-5025 | ||
| 016 | 7 | _zSAB9000078515 | |
| 020 | _a84-7812-016-5 | ||
| 040 |
_aM-BN-DP _bspa _cM-BN-DP |
||
| 080 | _a39(464.1 M.)"17" | ||
| 100 | 0 |
_aCorral, José del, _d1916-2011 _940714 |
|
| 245 | 1 | 0 |
_aTransformación de las costumbres madrileñas en tiempos de Carlos III / _cpor José del Corral. |
| 260 |
_aMadrid : _bAyuntamiento de Madrid, Area de Cultura, Educación, Juventud y Deportes : _bInstituto de Estudios Madrileños, _c1988. |
||
| 300 |
_a27 p ; _c22 cm. |
||
| 490 | 1 |
_aCiclo de conferencias: El Madrid de Carlos III ; _v9 |
|
| 504 | _aBibliografía. | ||
| 651 | 4 |
_aMadrid- _xUsos y costumbres- _yS.XVIII. _98991 |
|
| 710 | 2 |
_aInstituto de Estudios Madrileños _94916 |
|
| 830 | 0 | 0 |
_aCiclo de conferencias: El Madrid de Carlos III _v9 _9180033 |
| 852 |
_aES-MaACL _j2172-F-11 _bR.117269 |
||
| 999 |
_c67133 _d67133 |
||